000
00214nam a2200097Ia 4500
008
170619s9999 xx 000 0 und d
100
_a
Kanetkar- Yashwant
245
0
_a
Let us c Solutions
260
_b
BPB
260
_c
2011
546
_a
ENGLISH
999
_c
19532
_d
19532